<?xml version="1.0" encoding="UTF-8"?><?xml-stylesheet type="text/xsl" href="static/style.xsl"?><OAI-PMH xmlns="http://www.openarchives.org/OAI/2.0/" xmlns:xsi="http://www.w3.org/2001/XMLSchema-instance" xsi:schemaLocation="http://www.openarchives.org/OAI/2.0/ http://www.openarchives.org/OAI/2.0/OAI-PMH.xsd"><responseDate>2026-06-07T23:41:41Z</responseDate><request verb="GetRecord" identifier="oai:docta.ucm.es:20.500.14352/136991" metadataPrefix="marc">https://docta.ucm.es/rest/oai/request</request><GetRecord><record><header><identifier>oai:docta.ucm.es:20.500.14352/136991</identifier><datestamp>2026-05-28T23:57:49Z</datestamp><setSpec>com_20.500.14352_14</setSpec><setSpec>col_20.500.14352_18</setSpec></header><metadata><record xmlns="http://www.loc.gov/MARC21/slim" xmlns:dcterms="http://purl.org/dc/terms/" xmlns:xsi="http://www.w3.org/2001/XMLSchema-instance" xmlns:doc="http://www.lyncode.com/xoai" xsi:schemaLocation="http://www.loc.gov/MARC21/slim http://www.loc.gov/standards/marcxml/schema/MARC21slim.xsd">
   <leader>00925njm 22002777a 4500</leader>
   <datafield ind2=" " ind1=" " tag="042">
      <subfield code="a">dc</subfield>
   </datafield>
   <datafield ind2=" " ind1=" " tag="720">
      <subfield code="a">Berna Serna, David</subfield>
      <subfield code="e">author</subfield>
   </datafield>
   <datafield ind2=" " ind1=" " tag="720">
      <subfield code="a">Téllez Delgado, Virtudes</subfield>
      <subfield code="e">author</subfield>
   </datafield>
   <datafield ind2=" " ind1=" " tag="720">
      <subfield code="a">Arco Fernández, Víctor del</subfield>
      <subfield code="e">author</subfield>
   </datafield>
   <datafield ind2=" " ind1=" " tag="260">
      <subfield code="c">2025-05-28</subfield>
   </datafield>
   <datafield ind2=" " ind1=" " tag="520">
      <subfield code="a">This chapter examines the Sierra de Gredos, situated in the Central Massif of the Iberian Peninsula, as a distinctive wine-growing region where the production of natural wine has emerged since the late twentieth century. The characteristics of its producers, comprising a minority of veterans and a majority of neophytes, have led to the formation of a supportive community for wine production. This community is structured according to the principles of a moral economy, through which affective bonds are established, material resources are shared, and management and knowledge support are provided. Employing qualitative and ethnographic methodologies, this study presents an analytical overview of the contextual and historical data pertaining to a group of natural wine producers established in Gredos. These producers, beyond seeking integration into a productive market, are advancing towards an ecosocial transition through their agroecological production methods. They harness the characteristics of the terroir to enhance and articulate the territory with ecological-sustainable objectives.</subfield>
   </datafield>
   <datafield ind1="8" ind2=" " tag="024">
      <subfield code="a">Berná Serna, D., Delgado, V. T., &amp; Del Arco Fernández, V. (2025). Natural wine in spain through the case of gredos: Making wine, creating community. En P. Alonso González &amp; E. Parga Dans (Eds.), Uncorked: Negotiating Science and Belief in the Natural Wine Movement (pp. 115-130). Springer Nature Switzerland. https://doi.org/10.1007/978-3-031-87857-2_8</subfield>
   </datafield>
   <datafield ind1="8" ind2=" " tag="024">
      <subfield code="a">978-3-031-87856-5</subfield>
   </datafield>
   <datafield ind1="8" ind2=" " tag="024">
      <subfield code="a">978-3-031-87857-2</subfield>
   </datafield>
   <datafield ind1="8" ind2=" " tag="024">
      <subfield code="a">978-3-031-87859-6</subfield>
   </datafield>
   <datafield ind1="8" ind2=" " tag="024">
      <subfield code="a">10.1007/978-3-031-87857-2_8.</subfield>
   </datafield>
   <datafield ind1="8" ind2=" " tag="024">
      <subfield code="a">https://hdl.handle.net/20.500.14352/136991</subfield>
   </datafield>
   <datafield ind1="8" ind2=" " tag="024">
      <subfield code="a">https://doi.org/10.1007/978-3-031-87857-2_8</subfield>
   </datafield>
   <datafield ind1="8" ind2=" " tag="024">
      <subfield code="a">https://link.springer.com/chapter/10.1007/978-3-031-87857-2_8</subfield>
   </datafield>
   <datafield ind1="8" ind2=" " tag="024">
      <subfield code="a">https://dialnet.unirioja.es/servlet/articulo?codigo=10386848</subfield>
   </datafield>
   <datafield ind2="0" ind1="0" tag="245">
      <subfield code="a">Natural Wine in Spain Through the Case of Gredos: Making Wine, Creating Community</subfield>
   </datafield>
</record></metadata></record></GetRecord></OAI-PMH>